[Event "2LD 24/25,Lanskroun-Univerzita Brno"]
[Site ""]
[Date "2025.01.26"]
[Round "7.7"]
[White "Pokorny, Jiri"]
[Black "Hladik, Josef"]
[WhiteElo "2051"]
[BlackElo "1982"]
[Result "0-1"]
[PlyCount "96"]

1. e4 e5 2. Nf3 Nc6 3. d4 exd4 4. Bc4 Nf6 5. e5 d5 6. Bb5 Ne4 7. Nxd4 Bd7 8.
Bxc6 bxc6 9. O-O Bc5 10. f3 Ng5 11. Be3 O-O 12. f4 Ne4 13. Nd2 f5 14. exf6 Qxf6
15. Nxe4 dxe4 16. c3 Rab8 17. Qe2 Bb6 18. Rae1 Qf7 19. Nb3 Rfe8 20. Rc1 Be6 21.
Nd4 Bc4 22. Qf2 Bxf1 23. Rxf1 Qxa2 24. f5 Bxd4 25. Bxd4 c5 26. Bxg7 Rxb2 27.
Qg3 Rxg2+ 28. Qxg2 Qxg2+ 29. Kxg2 Kxg7 30. Ra1 Kf6 31. Rxa7 Re7 32. Ra5 Re5 33.
Ra6+ Kxf5 34. Rc6 Kf4 35. Kf1 Rh5 36. Rxc7 Ke3 37. h3 Kd3 38. Ra7 Rxh3 39. c4
Kxc4 40. Ra4+ Kb3 41. Rxe4 c4 42. Ke2 c3 43. Re7 Kc2 44. Rb7 Kc1 45. Rb3 Rh2+
46. Kd3 c2 47. Rb7 Kd1 48. Rg7 Rh3+ 0-1

[Event "2LD 24/25,Lanskroun-Univerzita Brno"]
[Site ""]
[Date "2025.01.26"]
[Round "7.8"]
[White "Riha, Otmar"]
[Black "Solil, Roman"]
[WhiteElo "1921"]
[BlackElo "1956"]
[Result "0-1"]
[PlyCount "114"]

1. d4 Nf6 2. Nf3 g6 3. c4 Bg7 4. Nc3 O-O 5. e4 d6 6. Be2 Bg4 7. O-O c6 8. Be3
Nbd7 9. h3 Bxf3 10. Bxf3 Qc7 11. Qd2 e5 12. d5 c5 13. Rfc1 a6 14. a3 Ne8 15.
Be2 f5 16. f3 Nef6 17. Bd3 f4 18. Bf2 g5 19. b4 b6 20. bxc5 Nxc5 21. Bc2 h5 22.
Qd1 Bh6 23. Na4 g4 24. hxg4 hxg4 25. Nxc5 bxc5 26. Kf1 Bg5 27. Ke2 Kg7 28. Qd2
Rh8 29. Rh1 g3 30. Bxg3 Nh5 31. Bf2 Kg6 32. Rh3 Ng3+ 33. Bxg3 Rxh3 34. gxh3
fxg3 35. Qe1 Bf4 36. Qf1 Rb8 37. Rb1 Rxb1 38. Qxb1 Qa5 39. Qd1 Qxa3 40. Qd3 Qc1
41. Bd1 a5 42. Qc2 Qe3+ 43. Kf1 a4 44. Qe2 Qc1 45. Qc2 Qxc2 46. Bxc2 a3 47. Bb3
Kf6 48. Kg2 Ke7 49. h4 Kd8 50. Ba2 Kc7 51. h5 Kb6 52. h6 Bxh6 53. Kxg3 Ka5 54.
Kg4 Kb4 55. Kf5 Kc3 56. Ke6 Kb2 57. Kxd6 Kxa2 0-1

[Event "2LD 24/25,Policka-Rychnov n/Kn"]
[Site ""]
[Date "2025.01.26"]
[Round "7.1"]
[White "Cesenek, Jan"]
[Black "Sabuk, Piotr"]
[WhiteElo "2072"]
[BlackElo "2375"]
[Result "0-1"]
[PlyCount "78"]

1. e4 c6 2. f4 d5 3. e5 c5 4. Nf3 Nc6 5. Be2 Bg4 6. O-O e6 7. c3 Nh6 8. d3 Nf5
9. Na3 Be7 10. Nc2 h5 11. Be3 g5 12. Nxg5 Bxg5 13. fxg5 Nxe3 14. Nxe3 Qxg5 15.
Nc2 Qxe5 16. Bf3 O-O-O 17. Qd2 Rdg8 18. Rae1 Qd6 19. b4 cxb4 20. cxb4 Kb8 21.
d4 Bf5 22. b5 Ne7 23. Ne3 h4 24. Kh1 Bg6 25. Ng4 Nf5 26. Ne5 Ka8 27. Bg4 Nh6
28. Bh3 Qe7 29. Qa5 Be4 30. Re3 f6 31. Nf3 b6 32. Qa4 Rc8 33. Nxh4 Ng4 34. Bxg4
Rxh4 35. Bf3 Qh7 36. Bxe4 Rxh2+ 37. Kg1 dxe4 38. Qd1 Qh4 39. g3 Qh3 0-1

[Event "2LD 24/25,Policka-Rychnov n/Kn"]
[Site ""]
[Date "2025.01.26"]
[Round "7.2"]
[White "Kejna, Piotr"]
[Black "Houska, Bronislav"]
[WhiteElo "2254"]
[BlackElo "2004"]
[Result "1-0"]
[PlyCount "69"]

1. e4 c5 2. Nf3 g6 3. d4 cxd4 4. Nxd4 Nf6 5. Nc3 Nc6 6. Be3 Bg7 7. Bc4 O-O 8.
Bb3 Ng4 9. Qxg4 Nxd4 10. Qh4 Qa5 11. Rd1 Nxb3 12. cxb3 Bf6 13. Qh6 Bg7 14. Qf4
Be5 15. Qg5 f6 16. Qh4 Bxc3+ 17. bxc3 Qxc3+ 18. Bd2 Qe5 19. O-O b6 20. Rfe1 d6
21. f4 Qh5 22. Qg3 Bg4 23. Rc1 Rac8 24. f5 Be2 25. Qf2 Bd3 26. h3 Rxc1 27. Bxc1
Rc8 28. Qd4 Rxc1 29. Rxc1 Qe2 30. fxg6 hxg6 31. Qf2 Qxe4 32. Re1 Qb7 33. Qe3
Qa6 34. Qxe7 Qxa2 35. Qxf6 1-0

[Event "2LD 24/25,Policka-Rychnov n/Kn"]
[Site ""]
[Date "2025.01.26"]
[Round "7.3"]
[White "Kastner, Oldrich"]
[Black "Horak, Jan"]
[WhiteElo "2030"]
[BlackElo "2138"]
[Result "1/2-1/2"]
[PlyCount "64"]

1. d4 Nf6 2. Nf3 c5 3. d5 e6 4. Nc3 exd5 5. Nxd5 Nxd5 6. Qxd5 Nc6 7. Bg5 Be7 8.
O-O-O O-O 9. h4 Nb4 10. Qb3 d6 11. e4 Bg4 12. Bf4 b5 13. Bxb5 Rb8 14. Be2 Be6
15. Bc4 Nd5 16. Bxd5 Rxb3 17. cxb3 Qa5 18. Kb1 Bg4 19. Rd3 h6 20. Nd2 Be2 21.
Rg3 Kh8 22. Nc4 Qa6 23. Re3 Bh5 24. f3 f5 25. e5 dxe5 26. Rxe5 Bf6 27. Re6 Qc8
28. Rc6 Qd7 29. Rd6 Qe7 30. Re6 Qd7 31. Rd6 Qe7 32. Re6 Qd7 1/2-1/2

[Event "2LD 24/25,Policka-Rychnov n/Kn"]
[Site ""]
[Date "2025.01.26"]
[Round "7.4"]
[White "Korenova, Martina"]
[Black "Lorenc, Oldrich"]
[WhiteElo "2056"]
[BlackElo "2015"]
[Result "1/2-1/2"]
[PlyCount "44"]

1. e4 d6 2. d4 g6 3. Bc4 Bg7 4. Nf3 Nf6 5. Qe2 O-O 6. O-O c6 7. Bg5 d5 8. exd5
cxd5 9. Bd3 Nc6 10. c3 Bg4 11. Nbd2 Qc7 12. Rfe1 Rae8 13. h3 Bc8 14. c4 dxc4
15. Bxc4 e6 16. Nb3 h6 17. Bh4 Ne7 18. Bg3 Qb6 19. Be5 Rd8 20. Rac1 Nc6 21. Bf4
Nd5 22. Bd2 Nde7 1/2-1/2

[Event "2LD 24/25,Policka-Rychnov n/Kn"]
[Site ""]
[Date "2025.01.26"]
[Round "7.5"]
[White "Komarkova, Magdalena"]
[Black "Zelbova, Lada"]
[WhiteElo "1940"]
[BlackElo "1928"]
[Result "0-1"]
[PlyCount "96"]

1. e4 c5 2. Nf3 d6 3. d4 cxd4 4. Nxd4 Nf6 5. Nc3 a6 6. Be2 e5 7. Nb3 Be7 8. f3
Be6 9. Be3 Nbd7 10. Qd2 Rc8 11. O-O O-O 12. Rfd1 Nb6 13. Rac1 Nc4 14. Bxc4 Rxc4
15. Qf2 Qc8 16. Rd2 b5 17. Rcd1 Rd8 18. Na5 Rxc3 19. bxc3 d5 20. Bb6 Rd7 21.
Qe3 dxe4 22. fxe4 Ng4 23. Qf3 Bc5+ 24. Bxc5 Qxc5+ 25. Kh1 Nf2+ 26. Rxf2 Qxf2
27. Ra1 Qxf3 28. gxf3 Rd2 29. a4 Rxc2 30. axb5 axb5 31. Nc6 f6 32. Ra8+ Kf7 33.
Ra7+ Kg6 34. Ne7+ Kg5 35. Nd5 Bxd5 36. exd5 Rxc3 37. Rxg7+ Kf4 38. d6 Rd3 39.
d7 h5 40. Kg2 Rd2+ 41. Kf1 b4 42. Ke1 Rd4 43. Rh7 Ke3 44. Rf7 b3 45. Rxf6 Rxd7
46. Re6 Rb7 47. Rxe5+ Kxf3 48. Rxh5 b2 0-1

[Event "2LD 24/25,Policka-Rychnov n/Kn"]
[Site ""]
[Date "2025.01.26"]
[Round "7.6"]
[White "Machlowski, Slawomir"]
[Black "Sodomka, Adam"]
[WhiteElo "1983"]
[BlackElo "1924"]
[Result "0-1"]
[PlyCount "72"]

1. g3 e5 2. c4 Nf6 3. Bg2 d5 4. cxd5 Nxd5 5. Nf3 Nc6 6. O-O Be7 7. d4 exd4 8.
Nxd4 O-O 9. Nxc6 bxc6 10. a3 Ba6 11. Qc2 Qe8 12. Re1 Rb8 13. e4 Nb6 14. b3 c5
15. Nd2 Qb5 16. Bf1 Qa5 17. Bxa6 Qxa6 18. Bb2 Rfd8 19. Re3 Qa5 20. Bc3 Qb5 21.
a4 Qc6 22. Rc1 Qe6 23. Ba5 Qg4 24. Nf3 Rd6 25. Ne5 Qh5 26. f4 Rbd8 27. Re2 Bf6
28. Bc3 c4 29. bxc4 Nxa4 30. g4 Qh3 31. Qxa4 Bxe5 32. Bxe5 Qxg4+ 33. Kf2 Rd3
34. Kf1 Qf3+ 35. Ke1 Qh1+ 36. Kf2 Rf3# 0-1

[Event "2LD 24/25,Policka-Rychnov n/Kn"]
[Site ""]
[Date "2025.01.26"]
[Round "7.7"]
[White "Tulis, Jan"]
[Black "Novotny, Josef"]
[WhiteElo "1952"]
[BlackElo "1946"]
[Result "0-1"]
[PlyCount "57"]

1... e6 2. Nc3 d6 3. g3 Nf6 4. Bg2 c6 5. d4 Nbd7 6. e4 Be7 7. Nge2 h6 8. O-O e5
9. b3 a6 10. a4 a5 11. Qc2 g5 12. Rd1 Qc7 13. Ba3 h5 14. h3 h4 15. Qd2 hxg3 16.
Nxg3 exd4 17. Qxd4 Nc5 18. Bxc5 dxc5 19. Qe3 Qe5 20. Nf5 Nh5 21. Nxe7 Kxe7 22.
Ne2 Nf4 23. Nxf4 gxf4 24. Qf3 Be6 25. Ra2 Rag8 26. Kf1 Rxg2 27. Kxg2 Bxh3+ 28.
Qxh3 Rxh3 29. Kxh3 Qh5+ 0-1

[Event "2LD 24/25,Policka-Rychnov n/Kn"]
[Site ""]
[Date "2025.01.26"]
[Round "7.8"]
[White "Daniel, Jiri"]
[Black "Svanda, Radek"]
[WhiteElo "1919"]
[BlackElo "1842"]
[Result "1-0"]
[PlyCount "95"]

1. Nf3 c5 2. g3 Nc6 3. Bg2 g6 4. O-O Bg7 5. c4 e5 6. Nc3 Nge7 7. a3 O-O 8. e3
d6 9. b3 h6 10. Bb2 Be6 11. Qc2 Rb8 12. Rfe1 a6 13. Rad1 Bf5 14. d3 b5 15. Nh4
Bg4 16. Rd2 b4 17. Nd5 bxa3 18. Bxa3 Nxd5 19. Bxd5 Ne7 20. Bg2 Qb6 21. Rb1 Nc6
22. Bd5 Kh8 23. d4 Nb4 24. Bxb4 Qxb4 25. dxe5 dxe5 26. Be4 g5 27. Bf5 Bh5 28.
Ng2 Rfd8 29. Rd3 Bf3 30. Ne1 Ba8 31. Rxd8+ Rxd8 32. Rd1 Bf6 33. Rxd8+ Bxd8 34.
Nd3 Qa5 35. Qb2 f6 36. e4 Bc6 37. Kg2 Kg7 38. Qc2 Be7 39. Qd1 Be8 40. h4 Qc3
41. hxg5 hxg5 42. f4 Bg6 43. Bxg6 Kxg6 44. fxe5 fxe5 45. Qf3 Kh6 46. Nf2 Qd2
47. Qf7 Qd6 48. Ng4# 1-0

[Event "2LD 24/25,Lipa-Namest n/Osl A"]
[Site ""]
[Date "2025.01.26"]
[Round "7.1"]
[White "Cheraghi, Amin"]
[Black "Walek, Petr"]
[WhiteElo "2339"]
[BlackElo "2256"]
[Result "1/2-1/2"]
[PlyCount "84"]

1. d4 Nf6 2. Nf3 g6 3. c4 c5 4. dxc5 Qa5+ 5. Bd2 Qxc5 6. Nc3 Bg7 7. e4 d6 8.
Bd3 Bg4 9. Be3 Qb4 10. O-O O-O 11. Qd2 Bxf3 12. gxf3 Nc6 13. Nd5 Nxd5 14. cxd5
Qxd2 15. Bxd2 Ne5 16. Be2 f5 17. f4 Nd7 18. Rac1 Rac8 19. exf5 gxf5 20. Rxc8
Rxc8 21. Bd3 Nc5 22. Bxf5 Rf8 23. Be6+ Nxe6 24. dxe6 Rc8 25. Rc1 Rc6 26. b3 Bd4
27. Kg2 Kg7 28. Kf3 d5 29. f5 Kf6 30. Rd1 Kxf5 31. Bb4 Bf6 32. Rxd5+ Kxe6 33.
Rb5 b6 34. Rh5 Rc2 35. Rxh7 Rxa2 36. Rh3 Rb2 37. Kg2 Bd4 38. Rf3 a5 39. Be1 Re2
40. Kf1 Re4 41. Bd2 Bf6 42. Rd3 Be5 1/2-1/2

[Event "2LD 24/25,Lipa-Namest n/Osl A"]
[Site ""]
[Date "2025.01.26"]
[Round "7.2"]
[White "Enoeckl, Philipp"]
[Black "Jirasek, Pavel"]
[WhiteElo "2314"]
[BlackElo "2282"]
[Result "1-0"]
[PlyCount "37"]

1. d4 Nf6 2. Nc3 d5 3. Bf4 c5 4. e4 Nxe4 5. Nxe4 dxe4 6. dxc5 Nc6 7. Qxd8+ Kxd8
8. O-O-O+ Bd7 9. Bc4 e6 10. Ne2 Bxc5 11. Nc3 e5 12. Nxe4 Bd4 13. Bg3 f5 14. Ng5
f4 15. Bh4 Kc7 16. c3 Bc5 17. Be6 Rad8 18. Bxd7 Rxd7 19. Ne6+ 1-0

[Event "2LD 24/25,Lipa-Namest n/Osl A"]
[Site ""]
[Date "2025.01.26"]
[Round "7.3"]
[White "Rokos, Filip"]
[Black "Kratochvil, Vit"]
[WhiteElo "2144"]
[BlackElo "2225"]
[Result "1/2-1/2"]
[PlyCount "106"]

1. e4 c5 2. Nf3 g6 3. d4 cxd4 4. Nxd4 Nc6 5. Be3 Nf6 6. Nc3 Bg7 7. Bc4 Qa5 8.
O-O O-O 9. Bb3 d6 10. h3 Bd7 11. Re1 Rac8 12. Nf3 Rfe8 13. Rb1 Nd8 14. Bg5 Bc6
15. Nd5 Ne6 16. Bd2 Qd8 17. Bc3 Nd7 18. Bxg7 Kxg7 19. c4 Ne5 20. Re3 a5 21. Rc1
Nc5 22. Qe2 e6 23. Nc3 Qb6 24. Bc2 Rf8 25. b3 Nxf3+ 26. Rxf3 f5 27. Rd1 Rcd8
28. Qe3 Qb4 29. Qg5 Kh8 30. a3 Qb6 31. Qe7 Rfe8 32. Qf6+ Kg8 33. exf5 exf5 34.
Rg3 Rf8 35. Rxg6+ hxg6 36. Qxg6+ Kh8 37. Qh6+ Kg8 38. Qg6+ Kh8 39. Bxf5 Rd7 40.
Bxd7 Nxd7 41. Qh6+ Kg8 42. Qg5+ Kh8 43. Qh5+ Kg7 44. Rxd6 Qc5 45. Qh6+ Kf7 46.
Ne4 Qf5 47. Rf6+ Qxf6 48. Nxf6 Nxf6 49. g4 Rd8 50. Qf4 Rd1+ 51. Kh2 Rh1+ 52.
Kg3 Kg7 53. Qg5+ Kf7 1/2-1/2

[Event "2LD 24/25,Lipa-Namest n/Osl A"]
[Site ""]
[Date "2025.01.26"]
[Round "7.4"]
[White "Zezula, Jakub"]
[Black "Tazlar, Petr"]
[WhiteElo "2147"]
[BlackElo "2261"]
[Result "1-0"]
[PlyCount "77"]

1. e4 c6 2. d4 d5 3. f3 e6 4. Nc3 Nf6 5. e5 Nfd7 6. f4 c5 7. Nf3 Nc6 8. Ne2 Be7
9. c3 b6 10. h4 Ba6 11. Be3 cxd4 12. cxd4 b5 13. Kf2 b4 14. Ng3 Qb6 15. f5 Bxf1
16. Qxf1 b3 17. Nh5 Rg8 18. fxe6 fxe6 19. a3 Na5 20. Rc1 Kd8 21. Qd3 g6 22. Nf4
Rf8 23. Kg3 Rc8 24. Ng5 Bxg5 25. Nxe6+ Ke7 26. Nxg5 Rxc1 27. Rxc1 Nc4 28. Nxh7
Rf5 29. Bg5+ Kf7 30. Rf1 Ke6 31. Rxf5 gxf5 32. Kf4 Kf7 33. Qxf5+ Ke8 34. Nf6+
Nxf6 35. Bxf6 Qxd4+ 36. Kg3 Qe3+ 37. Kh2 Qb6 38. h5 Nd2 39. Qc8+ 1-0

[Event "2LD 24/25,Lipa-Namest n/Osl A"]
[Site ""]
[Date "2025.01.26"]
[Round "7.5"]
[White "Pokorny, Zdenek"]
[Black "Mrazik, Tomas"]
[WhiteElo "2202"]
[BlackElo "1967"]
[Result "1/2-1/2"]
[PlyCount "44"]

1. e4 c5 2. d4 cxd4 3. c3 d3 4. Bxd3 Nc6 5. c4 g6 6. Nf3 Bg7 7. O-O d6 8. h3
Nf6 9. Nc3 O-O 10. Be3 Nd7 11. Rc1 Nde5 12. Be2 Nxf3+ 13. Bxf3 Be6 14. b3 Qa5
15. Qd2 Rfc8 16. Rfd1 Ne5 17. Be2 Nd7 18. Nd5 Qxd2 19. Rxd2 Bxd5 20. Rxd5 Nc5
21. f3 a5 22. Rcd1 Bc3 1/2-1/2

[Event "2LD 24/25,Lipa-Namest n/Osl A"]
[Site ""]
[Date "2025.01.26"]
[Round "7.6"]
[White "Kosut, Tomas"]
[Black "Safarik, Jakub"]
[WhiteElo "1926"]
[BlackElo "2145"]
[Result "0-1"]
[PlyCount "110"]

1. e4 c5 2. Nf3 e6 3. d4 cxd4 4. Nxd4 d6 5. Nc3 Nf6 6. Be3 a6 7. g3 Be7 8. Bg2
O-O 9. O-O Qc7 10. h4 Nc6 11. Qe2 Bd7 12. Rad1 Rac8 13. h5 Nxd4 14. Bxd4 e5 15.
Be3 Be6 16. Rfe1 Qc4 17. h6 Qxe2 18. Rxe2 Ng4 19. hxg7 Kxg7 20. Bf3 Nxe3 21.
Rxe3 b5 22. a3 Rc5 23. Be2 Bg5 24. Red3 Bc4 25. Rxd6 Bxe2 26. Nxe2 Rxc2 27. Nc3
Rxb2 28. Rxa6 Rc8 29. Nd5 Rcc2 30. Rf1 Re2 31. Nc3 Red2 32. Nd5 Rb3 33. a4 b4
34. a5 Rd4 35. Rb6 Bd2 36. Ne7 Rd8 37. a6 Ra3 38. Nf5+ Kg8 39. Rd1 h5 40. a7
Rxa7 41. Rxb4 Bxb4 42. Rxd8+ Kh7 43. Kg2 Ra2 44. Rd5 Be1 45. Rxe5 Bxf2 46. Kf3
Ba7 47. g4 Ra3+ 48. Kg2 hxg4 49. Re7 Kg6 50. Re8 Kg5 51. Rf8 Ra2+ 52. Kf1 f6
53. Nd6 g3 54. Rg8+ Kf4 55. Nc4 Kf3 0-1

[Event "2LD 24/25,Lipa-Namest n/Osl A"]
[Site ""]
[Date "2025.01.26"]
[Round "7.7"]
[White "Szucs, Matyas"]
[Black "Miculka, David"]
[WhiteElo "2085"]
[BlackElo "2013"]
[Result "1-0"]
[PlyCount "87"]

1. e4 c5 2. Ne2 d6 3. g3 g6 4. Bg2 Bg7 5. c3 Nf6 6. d4 cxd4 7. cxd4 O-O 8. Nbc3
Nbd7 9. O-O Rb8 10. a4 b6 11. h3 Bb7 12. Be3 e5 13. d5 Qe7 14. a5 Ne8 15. g4
Nc5 16. b4 Nd7 17. axb6 axb6 18. Ra7 Nef6 19. Qd3 h5 20. f3 hxg4 21. fxg4 Rfc8
22. Bg5 Qf8 23. Ng3 Ne8 24. Be3 Qe7 25. g5 Qd8 26. Nb5 Nf8 27. h4 Qe7 28. Bh3
Nd7 29. h5 Nc7 30. hxg6 fxg6 31. Nxc7 Rxc7 32. Be6+ Kh8 33. Rf7 Qd8 34. Ra2 Nf8
35. Rh2+ Kg8 36. Rd7+ Nxe6 37. Rxd8+ Nxd8 38. Rc2 Rxc2 39. Qxc2 Rc8 40. Qa4 Ra8
41. Qe8+ Kh7 42. Qd7 Ra3 43. Kf2 Ra2+ 44. Kf3 1-0

[Event "2LD 24/25,Lipa-Namest n/Osl A"]
[Site ""]
[Date "2025.01.26"]
[Round "7.8"]
[White "Zezula, Rudolf"]
[Black "Sedivy, Martin"]
[WhiteElo "2022"]
[BlackElo "2110"]
[Result "0-1"]
[PlyCount "120"]

1. e4 c6 2. d4 d5 3. exd5 cxd5 4. Bd3 Nc6 5. c3 g6 6. Bf4 Bg7 7. Nf3 Nf6 8. h3
O-O 9. O-O Bf5 10. Bxf5 gxf5 11. Ne5 e6 12. Nd3 b6 13. Re1 Ne7 14. Nd2 Ng6 15.
Bh2 Ne4 16. f3 Nf6 17. g4 fxg4 18. hxg4 Kh8 19. Nf1 Rg8 20. Ng3 Bh6 21. Ne5
Nxe5 22. dxe5 Nd7 23. Nh5 Rc8 24. Kf2 Rc4 25. Bg3 Qg5 26. Re2 Bg7 27. Nxg7 Kxg7
28. Qh1 Rgc8 29. Qh2 d4 30. Rd1 dxc3 31. bxc3 R8c7 32. Red2 Nf8 33. Bh4 Qg6 34.
Bf6+ Kg8 35. Rd8 Rc8 36. Be7 Rxc3 37. Bxf8 Qc2+ 38. R8d2 Qxd1 39. Rxd1 Rc2+ 40.
Kg3 Rxh2 41. Kxh2 Rc2+ 42. Kg3 Kxf8 43. a4 Rc4 44. a5 Ke7 45. axb6 axb6 46. Rd6
Rb4 47. g5 Rb1 48. f4 b5 49. Rb6 b4 50. Rb7+ Kf8 51. Kf3 b3 52. Ke2 b2 53. Kd2
Rf1 54. Rxb2 Rxf4 55. Ke3 Rf5 56. Ke4 Rxg5 57. Rb1 Kg7 58. Rf1 h5 59. Rh1 Kg6
60. Kf4 Rf5+ 0-1

[Event "2LD 24/25,Polabiny C-Vysoke Myto"]
[Site ""]
[Date "2025.01.26"]
[Round "7.1"]
[White "Jedlicka, Ales"]
[Black "Sabol, Marian"]
[WhiteElo "2106"]
[BlackElo "2228"]
[Result "0-1"]
[PlyCount "80"]

1. Nf3 d5 2. d4 c6 3. c4 dxc4 4. e3 b5 5. a4 Qb6 6. axb5 cxb5 7. b3 cxb3 8.
Qxb3 b4 9. Ne5 e6 10. Qa4+ Nd7 11. Bb5 Ngf6 12. Bc6 Rb8 13. Qxa7 Bd6 14. Bxd7+
Nxd7 15. Nc4 Qc6 16. Nbd2 Bc7 17. f3 O-O 18. Qa4 Rb5 19. Bb2 Bb7 20. Rc1 Ra8
21. Qb3 Qd5 22. Kf2 Qh5 23. e4 Bb8 24. g3 Qh3 25. Qd3 Rg5 26. Rcg1 Nf6 27. Ne5
Ba7 28. Ndc4 Nxe4+ 29. fxe4 f5 30. Qe3 Rh5 31. Nd6 fxe4 32. g4 Rf8+ 33. Ke2
Ba6+ 34. Kd2 Qxe3+ 35. Kxe3 Rxe5 36. Rg3 Rd5 37. Nxe4 e5 38. Rd1 exd4+ 39. Bxd4
Rxd4 40. Rxd4 Rd8 0-1

[Event "2LD 24/25,Polabiny C-Vysoke Myto"]
[Site ""]
[Date "2025.01.26"]
[Round "7.2"]
[White "Grundman, Vaclav"]
[Black "Mojzis, Jaroslav"]
[WhiteElo "2058"]
[BlackElo "2102"]
[Result "1-0"]
[PlyCount "165"]

1. e4 e5 2. Nf3 Nc6 3. Bb5 Nf6 4. O-O Nxe4 5. d4 Nd6 6. dxe5 Nxb5 7. a4 Nbd4 8.
Nxd4 Nxd4 9. Qxd4 d6 10. Nc3 Be6 11. Rd1 f6 12. exf6 Qxf6 13. Qe4 c6 14. Re1
Kd7 15. Qb4 Rb8 16. Ne4 Qg6 17. Bf4 Bd5 18. Rad1 a5 19. Qd4 Re8 20. Ng3 Rxe1+
21. Rxe1 Qf6 22. Qb6 c5 23. Rd1 Qxf4 24. Rxd5 Qb4 25. Qb5+ Qxb5 26. axb5 Be7
27. Ne4 Ke6 28. c4 Rd8 29. b3 Bf6 30. Kf1 Be7 31. Ke2 Ra8 32. Nc3 Bf6 33. Ne4
Be7 34. Nc3 Bf6 35. Na4 Bd4 36. Rh5 Rf8 37. f3 h6 38. Nb6 Re8 39. Kd2 Kf6 40.
Nd5+ Kg6 41. Rh4 Kf5 42. Rf4+ Kg6 43. h3 Ra8 44. Re4 Bf6 45. Kd3 Kf7 46. f4 h5
47. Re2 g5 48. Nxf6 Kxf6 49. fxg5+ Kxg5 50. Re7 a4 51. bxa4 Rxa4 52. Rxb7 Kf5
53. Rf7+ Ke5 54. Re7+ Kf5 55. Rh7 Ra3+ 56. Kc2 Ra2+ 57. Kb3 Rxg2 58. Rxh5+ Ke6
59. Rh7 Rg1 60. h4 Rb1+ 61. Kc2 Rb4 62. Kc3 d5 63. Rh6+ Kd7 64. cxd5 Rxb5 65.
Kc4 Ra5 66. h5 Kc7 67. Rc6+ Kd7 68. h6 Ra1 69. Kxc5 Rc1+ 70. Kd4 Rh1 71. Rg6
Rh5 72. Kc5 Ke8 73. Kd6 Kf7 74. Re6 Kf8 75. Kc6 Kf7 76. Re2 Rxh6+ 77. d6 Rh1
78. d7 Rc1+ 79. Kd6 Rd1+ 80. Kc7 Rc1+ 81. Kd8 Rf1 82. Rc2 Rd1 83. Kc7 1-0

[Event "2LD 24/25,Polabiny C-Vysoke Myto"]
[Site ""]
[Date "2025.01.26"]
[Round "7.3"]
[White "Stocek, Martin"]
[Black "Vesely, Tomas"]
[WhiteElo "2090"]
[BlackElo "2024"]
[Result "1-0"]
[PlyCount "119"]

1. d4 Nf6 2. c4 g6 3. Nc3 Bg7 4. e4 d6 5. Be2 O-O 6. Be3 Nc6 7. d5 Ne5 8. f4
Neg4 9. Bd2 Nh6 10. h3 e6 11. g4 exd5 12. cxd5 Re8 13. Qc2 c6 14. dxc6 bxc6 15.
O-O-O Rb8 16. Bf3 d5 17. g5 Nxe4 18. Bxe4 Nf5 19. Bd3 c5 20. Nf3 c4 21. Ne5
cxd3 22. Qxd3 Qb6 23. b3 d4 24. Ne4 Ba6 25. Qf3 Rec8+ 26. Kb2 d3 27. Rc1 Nd4
28. Qe3 Qd8 29. Nc5 Nf5 30. Qf2 Bb5 31. Rhe1 Qd5 32. Rc3 Nd4 33. Ncxd3 Rxc3 34.
Bxc3 Bxd3 35. Qxd4 Qxd4 36. Bxd4 a6 37. Bc3 Bf5 38. Re3 Rc8 39. h4 Be6 40. Rd3
Bf8 41. Nd7 f5 42. Nf6+ Kg7 43. Rh3 Be7 44. h5 Bxf6 45. Bxf6+ Kf8 46. h6 Bd5
47. Rd3 Bc6 48. Rd6 a5 49. Re6 Bd5 50. Re5 Be4 51. Rxa5 Rc2+ 52. Ka3 Rf2 53.
Be5 Bb1 54. Ra8+ Kf7 55. Ra7+ Kg8 56. Rg7+ Kf8 57. Rxh7 Rxa2+ 58. Kb4 Rh2 59.
Rc7 Kg8 60. Rg7+ 1-0

[Event "2LD 24/25,Polabiny C-Vysoke Myto"]
[Site ""]
[Date "2025.01.26"]
[Round "7.4"]
[White "Trhal, Tomas"]
[Black "Lihotsky, Lukas"]
[WhiteElo "2043"]
[BlackElo "2054"]
[Result "0-1"]
[PlyCount "100"]

1. Nf3 d5 2. g3 Nd7 3. d4 Nb6 4. Bg2 Bf5 5. a4 a5 6. Bf4 e6 7. O-O Bd6 8. Ne5
h5 9. Nc3 f6 10. Nd3 Bxf4 11. Nxf4 g5 12. e4 dxe4 13. Nfe2 h4 14. Nxe4 Qe7 15.
c3 hxg3 16. N2xg3 Qh7 17. Re1 Qxh2+ 18. Kf1 Bh3 19. Bxh3 Qxh3+ 20. Ke2 Qg4+ 21.
Kd3 Qxd1+ 22. Rexd1 O-O-O 23. Kc2 Nd7 24. d5 Re8 25. d6 Rf8 26. b4 Nh6 27. bxa5
Nf5 28. Nxf5 exf5 29. Ng3 Rh2 30. Rd2 f4 31. Nf5 Ne5 32. dxc7 Kxc7 33. Nd6 Nf3
34. Nb5+ Kc8 35. Nd6+ Kc7 36. Nb5+ Kb8 37. Rd7 Rxf2+ 38. Kb3 Ne5 39. Re7 Rd2
40. Nd4 Rc8 41. Rh1 Rd3 42. Nb5 Rd7 43. Rxd7 Nxd7 44. Nd6 Rd8 45. Kc4 Ne5+ 46.
Kc5 Nd3+ 47. Kd5 f3 48. Rb1 Ka8 49. a6 Nf4+ 50. Kc5 Ne6+ 0-1

[Event "2LD 24/25,Polabiny C-Vysoke Myto"]
[Site ""]
[Date "2025.01.26"]
[Round "7.5"]
[White "Varejcko, Josef"]
[Black "Kosek, Marek"]
[WhiteElo "2076"]
[BlackElo "2123"]
[Result "1-0"]
[PlyCount "75"]

1. d4 Nf6 2. g3 e6 3. Bg2 d5 4. Nf3 Be7 5. O-O O-O 6. c4 dxc4 7. Qa4 a6 8. Qxc4
b5 9. Qc2 Bb7 10. Bd2 Be4 11. Qc1 Nbd7 12. Ba5 Rc8 13. Nc3 Ba8 14. a4 Nd5 15.
axb5 Nxc3 16. Qxc3 axb5 17. Rfc1 Bd6 18. Qd3 Nf6 19. Ng5 Bxg2 20. Kxg2 Qd7 21.
b4 e5 22. Nxh7 Nxh7 23. dxe5 Rfe8 24. exd6 cxd6 25. Rxc8 Rxc8 26. Rd1 Ng5 27.
Qxd6 Qh3+ 28. Kg1 Ne6 29. Qd7 Rc4 30. Qe8+ Kh7 31. Qxf7 Nd4 32. Qe7 Nf5 33. Qe5
Qg4 34. f3 Qh3 35. g4 Nd4 36. Bb6 Nc6 37. Qf5+ Kg8 38. Bc5 1-0

[Event "2LD 24/25,Polabiny C-Vysoke Myto"]
[Site ""]
[Date "2025.01.26"]
[Round "7.6"]
[White "Ptacek, Lubos"]
[Black "Kulhanek, Jachym"]
[WhiteElo "2051"]
[BlackElo "1989"]
[Result "1-0"]
[PlyCount "85"]

1. e4 c5 2. Nf3 Nc6 3. Nc3 d6 4. d4 cxd4 5. Nxd4 Nf6 6. Be2 g6 7. Be3 Bg7 8.
O-O O-O 9. f4 Nd7 10. Rb1 Nxd4 11. Bxd4 Bxd4+ 12. Qxd4 Qb6 13. Rfd1 Qxd4+ 14.
Rxd4 Nb6 15. Rb4 Bd7 16. Rd1 Bc6 17. a4 Rfc8 18. Bg4 Rd8 19. a5 Nd7 20. Rbd4 h5
21. Bh3 f6 22. Be6+ Kf8 23. e5 fxe5 24. fxe5 Nxe5 25. Nd5 Bxd5 26. Bxd5 Rab8
27. c4 Kg7 28. Re4 b6 29. a6 Rf8 30. b4 Rbc8 31. Rc1 Rc7 32. h3 Rf6 33. Rc3 e6
34. Bb7 Nc6 35. c5 bxc5 36. b5 d5 37. Ra4 c4 38. Bxc6 Rf8 39. Bb7 Rd8 40. Bc6
e5 41. Ra1 Kf6 42. Rd1 Ke6 43. Rxc4 1-0

[Event "2LD 24/25,Polabiny C-Vysoke Myto"]
[Site ""]
[Date "2025.01.26"]
[Round "7.7"]
[White "Trasakova, Adela"]
[Black "Kosek, Jiri"]
[WhiteElo "1963"]
[BlackElo "1938"]
[Result "1/2-1/2"]
[PlyCount "41"]

1. d4 d5 2. Nf3 Nf6 3. g3 e6 4. Bg2 c5 5. O-O Nc6 6. c4 Be7 7. cxd5 exd5 8.
dxc5 Bxc5 9. a3 O-O 10. b4 Be7 11. Nc3 h6 12. Bb2 a6 13. Rc1 Be6 14. Qd3 Rc8
15. Rfd1 b5 16. e3 Qd7 17. Ne2 Rfd8 18. Nf4 g5 19. Nxe6 Qxe6 20. Nd4 Nxd4 21.
Bxd4 1/2-1/2

[Event "2LD 24/25,Polabiny C-Vysoke Myto"]
[Site ""]
[Date "2025.01.26"]
[Round "7.8"]
[White "Lipavsky, Dusan"]
[Black "Stary, Lukas"]
[WhiteElo "1930"]
[BlackElo "1951"]
[Result "1/2-1/2"]
[PlyCount "39"]

1. e4 e6 2. d4 d5 3. exd5 exd5 4. Bd3 Nc6 5. c3 Bd6 6. Nf3 Nge7 7. O-O Bg4 8.
h3 Bh5 9. Re1 Qd7 10. Nbd2 f6 11. b4 O-O 12. Qc2 Bg6 13. Nh4 Bxd3 14. Qxd3 Rae8
15. Nf1 Nd8 16. Bd2 Nf7 17. Ne3 Bf4 18. Nf1 Bxd2 19. Nxd2 Nd6 20. a4 1/2-1/2

[Event "2LD 24/25,Lipky HK B-Jihlava B"]
[Site ""]
[Date "2025.01.26"]
[Round "7.1"]
[White "Jares, Michal"]
[Black "Seidl, Stepan"]
[WhiteElo "2285"]
[BlackElo "2135"]
[Result "1/2-1/2"]
[PlyCount "45"]

1. Nf3 Nf6 2. g3 d5 3. Bg2 g6 4. b3 c5 5. Bb2 Bg7 6. c4 d4 7. b4 Nc6 8. bxc5
Nd7 9. O-O O-O 10. d3 Nxc5 11. Nbd2 Re8 12. Rb1 e5 13. Ba3 Ne6 14. Ne4 Bf8 15.
Bxf8 Rxf8 16. Qc2 f5 17. Ned2 g5 18. Rb5 a6 19. Rb2 g4 20. Nh4 Nf4 21. Re1 Nxg2
22. Nxg2 b6 23. Reb1 1/2-1/2

[Event "2LD 24/25,Lipky HK B-Jihlava B"]
[Site ""]
[Date "2025.01.26"]
[Round "7.2"]
[White "Vesely, Vitek"]
[Black "Cech, Pavel"]
[WhiteElo "2191"]
[BlackElo "2322"]
[Result "1/2-1/2"]
[PlyCount "26"]

1. d4 d5 2. c4 c6 3. cxd5 cxd5 4. Nc3 Nf6 5. Nf3 Nc6 6. Bf4 Bf5 7. e3 e6 8. Qb3
Bb4 9. Bb5 O-O 10. O-O Bxc3 11. Bxc6 Bxb2 12. Bxb7 Bxa1 13. Rxa1 Rc8 1/2-1/2